| 000 | 01425nam0a22003251 4500 | ||
|---|---|---|---|
| 001 | rc\2278192 | ||
| 005 | 20110829191413.4 | ||
| 035 | _a(NLR Aleph) 006557933 | ||
| 090 |
_a6812158 _c6812158 |
||
| 100 | _a20110829d1979 |||y0rusy50 ca | ||
| 101 | 0 | _arus | |
| 102 | _aRU | ||
| 105 | _ay d ||||| | ||
| 200 | 1 |
_aПолитика развивающихся стран в области науки _eРеф. сб. _f[Ред.-сост. Г.В. Стерлигова _gПредисл. А.А. Горбовского, с. 5-22] |
|
| 210 |
_aМосква _cИНИОН _d1979 |
||
| 215 |
_a220 с. _d20 |
||
| 225 | 1 |
_aНауковедение за рубежом _fАН СССР, ИНИОН |
|
| 320 | _aБиблиогр. / Сост. И.Д. Мишелевич: с. 212-220 | ||
| 606 |
_aНаука в развивающихся странах _jРефераты _2psbo |
||
| 686 |
_aЧ216(0,6)я43 _2rubbk |
||
| 702 | 1 |
_aСтерлигова _bГ. В. _4570 |
|
| 702 | 1 |
_aГорбовский _bА. А. _cписатель _f1930-2003 _gАлександр Альфредович _3RU\NLR\AUTH\770258230 _4080 |
|
| 712 | 0 | 2 |
_aИнститут науч. информации по общественным наукам _cМосква _3RU\NLR\AUTH\88992 |
| 801 | 0 |
_aRU _bNLR _gpsbo |
|
| 801 | 1 |
_aRU _bELAR _2rusmarc |
|
| 852 |
_aNLR _jС11-480/П50 |
||
| 899 |
_aRuMoRGB _jВ 80-3/68 |
||
| 899 |
_aRuMoRGB _jВ 80-3/69 |
||
| 942 | _cBOOK | ||
| 980 | _aNB | ||